វចនានុក្រម អង់គ្លេស-ខ្មែរ រូបភាព : (Record no. 6810)
[ view plain ]
| 000 -LEADER | |
|---|---|
| fixed length control field | 01251nam a22002657a 4500 |
| 001 - CONTROL NUMBER | |
| control field | 6810 |
| 003 - CONTROL NUMBER IDENTIFIER | |
| control field | FISKH |
| 005 - DATE AND TIME OF LATEST TRANSACTION | |
| control field | 20250918122227.0 |
| 008 - FIXED-LENGTH DATA ELEMENTS--GENERAL INFORMATION | |
| fixed length control field | 250529b cb ||||| |||| 00| 0 eng d |
| 020 ## - INTERNATIONAL STANDARD BOOK NUMBER | |
| International Standard Book Number | 9780194351942 |
| 040 ## - CATALOGING SOURCE | |
| Original cataloging agency | FISKH |
| Language of cataloging | eng |
| Transcribing agency | FISKH |
| Modifying agency | FISKH |
| 050 ## - LIBRARY OF CONGRESS CALL NUMBER | |
| Classification number | PE1629 .S52 |
| 082 ## - DEWEY DECIMAL CLASSIFICATION NUMBER | |
| Classification number | 423.1 |
| 100 ## - MAIN ENTRY--PERSONAL NAME | |
| Personal name | Shapiro, Norma |
| 245 ## - TITLE STATEMENT | |
| Title | វចនានុក្រម អង់គ្លេស-ខ្មែរ រូបភាព : |
| Remainder of title | English/ Cambodian / |
| Statement of responsibility, etc. | By Norma Shapiro and Jayme Adelson-Goldstein |
| 260 ## - PUBLICATION, DISTRIBUTION, ETC. | |
| Place of publication, distribution, etc. | New York : |
| Name of publisher, distributor, etc. | Oxford University Press , |
| Date of publication, distribution, etc. | 1998. |
| 300 ## - PHYSICAL DESCRIPTION | |
| Extent | 208 pages : |
| Other physical details | color illustrations ; |
| Dimensions | 26 cm . |
| 520 ## - SUMMARY, ETC. | |
| Summary, etc. | A comprehensive, flexible, and up-to-date vocabulary reference and teaching tool for English language learning. The Oxford Picture Dictionary and its components create a highly teachable programme that can be used as a complete, four-skills beginning course, or as a language development supplement and practical reference. |
| 650 ## - SUBJECT ADDED ENTRY--TOPICAL TERM | |
| Topical term or geographic name entry element | Picture dictionaries, English |
| Form subdivision | Non-fiction |
| 650 ## - SUBJECT ADDED ENTRY--TOPICAL TERM | |
| Topical term or geographic name entry element | English languages-textbooks for foreign speaker |
| Form subdivision | Non-fiction |
| 700 ## - ADDED ENTRY--PERSONAL NAME | |
| Personal name | Lanzano, Susan |
| Relator term | Editorial manager |
| 700 ## - ADDED ENTRY--PERSONAL NAME | |
| Personal name | Jensen, Lynn |
| Relator term | Art director |
| 942 ## - ADDED ENTRY ELEMENTS (KOHA) | |
| Source of classification or shelving scheme | Dewey Decimal Classification |
| Koha item type | Books |
| Suppress in OPAC | No |
| Withdrawn status | Lost status | Source of classification or shelving scheme | Damaged status | Not for loan | Collection | Home library | Current library | Shelving location | Date acquired | Total Checkouts | Full call number | Barcode | Date last seen | Copy number | Price effective from | Koha item type |
|---|---|---|---|---|---|---|---|---|---|---|---|---|---|---|---|---|
| Dewey Decimal Classification | Khmer-English Bilingual / ភាសាខ្មែរ-អង់គ្លេស | Footprints International School Library Network Toul Kork Campus | Footprints International School Library Network Toul Kork Campus | Librarian's Shelf TK | 09/18/2025 | SHA 423.1 PE1629 .S52 | FIS03909 | 09/18/2025 | 4 | 09/18/2025 | Books | |||||
| Dewey Decimal Classification | Khmer-English Bilingual / ភាសាខ្មែរ-អង់គ្លេស | Footprints International School Library Network Toul Kork Campus | Footprints International School Library Network Toul Kork Campus | Librarian's Shelf TK | 09/18/2025 | SHA 423.1 PE1629 .S52 | FIS03912 | 09/18/2025 | 5 | 09/18/2025 | Books | |||||
| Dewey Decimal Classification | Khmer-English Bilingual / ភាសាខ្មែរ-អង់គ្លេស | Footprints International School Library Network Toul Tom Poung Campus | Footprints International School Library Network Toul Tom Poung Campus | Librarian's Shelf TTP | 05/29/2025 | SHA 423.1 PE1629 .S52 | 2025-1433 | 05/29/2025 | 1 | 05/29/2025 | Books | |||||
| Dewey Decimal Classification | Khmer-English Bilingual / ភាសាខ្មែរ-អង់គ្លេស | Footprints International School Library Network Toul Tom Poung Campus | Footprints International School Library Network Toul Tom Poung Campus | Librarian's Shelf TTP | 08/11/2025 | SHA 423.1 PE1629 .S52 | FIS03888 | 08/11/2025 | 2 | 08/11/2025 | Books | |||||
| Dewey Decimal Classification | Khmer-English Bilingual / ភាសាខ្មែរ-អង់គ្លេស | Footprints International School Library Network Toul Tom Poung Campus | Footprints International School Library Network Toul Tom Poung Campus | Librarian's Shelf TTP | 08/11/2025 | SHA 423.1 PE1629 .S52 | FIS03923 | 08/11/2025 | 3 | 08/11/2025 | Books | |||||
| Dewey Decimal Classification | Khmer-English Bilingual / ភាសាខ្មែរ-អង់គ្លេស | Footprints International School Library Network Toul Tom Poung Campus | Footprints International School Library Network Toul Tom Poung Campus | Librarian's Shelf TTP | 10/09/2025 | SHA 423.1 PE1629 .S52 | FIS05451 | 10/09/2025 | 6 | 10/09/2025 | Books | |||||
| Dewey Decimal Classification | Khmer-English Bilingual / ភាសាខ្មែរ-អង់គ្លេស | Footprints International School Library Network Toul Tom Poung Campus | Footprints International School Library Network Toul Tom Poung Campus | Librarian's Shelf TTP | 03/31/2026 | SHA 423.1 PE1629 .S52 | FIS03862 | 03/31/2026 | 7 | 03/31/2026 | Khmer Books |
